| 000 | 00777cam a22002653a 4500 | ||
|---|---|---|---|
| 001 | 19585 | ||
| 003 | PGUSA | ||
| 005 | 20140828083420.0 | ||
| 008 | 061018s2006||||xxu|||||s|||||000 | eng d | ||
| 040 |
_aPGUSA _beng |
||
| 042 | _adc | ||
| 050 | 4 | _aQE | |
| 100 | 1 |
_aFlammarion, Camille, _d1842-1925 |
|
| 245 | 1 | 0 |
_aDe Wereld vóór de schepping van den mensch _h[electronic resource] / _cCamille Flammarion |
| 260 |
_bProject Gutenberg, _c2006 |
||
| 506 | _aPublic domain in the USA. | ||
| 516 | _aElectronic text | ||
| 653 | _aEarth (Planet) | ||
| 653 | _aPaleontology | ||
| 653 | _aHuman beings -- Origin | ||
| 700 | 1 |
_aGoudsmit, Boudewijn Casper, _d1849-1915 |
|
| 830 | 0 |
_aProject Gutenberg _v19585 |
|
| 856 | 4 | 0 | _uhttp://www.gutenberg.org/ebooks/19585 |
| 942 | _cEB | ||
| 999 |
_c248840 _d248840 |
||